|
|
|
|
| LEADER |
00000nam0a2200000 4500 |
| 001 |
274187 |
| 005 |
20231101234714.0 |
| 020 |
|
|
|a RU
|b 87-73047
|
| 035 |
|
|
|a (RuTPU)RU\TPU\book\297397
|
| 090 |
|
|
|a 274187
|
| 100 |
|
|
|a 20141031d1987 k y0rusy5003 ca
|
| 101 |
0 |
|
|a rus
|
| 102 |
|
|
|a RU
|
| 105 |
|
|
|a y z 001zy
|
| 200 |
1 |
|
|a Оптимизация и автоматизация проектных решений в горном деле
|e сборник научных трудов
|f Академия наук СССР (АН СССР), Сибирское отделение (СО), Институт горного дела (ИГД) ; под ред. Е. И. Шемякина
|
| 210 |
|
|
|a Новосибирск
|c Изд-во ИГД
|d 1987
|
| 215 |
|
|
|a 129 с.
|
| 320 |
|
|
|a Библиогр. в конце ст.
|
| 606 |
1 |
|
|a Горная промышленность, предприятия
|x Организация производства
|x Производственный процесс
|2 stltpush
|3 (RuTPU)RU\TPU\subj\7498
|9 35132
|
| 610 |
1 |
|
|a проектирование
|
| 610 |
1 |
|
|a автоматизированные системы проектирования
|
| 610 |
1 |
|
|a проектные решения
|
| 610 |
1 |
|
|a оптимизация
|
| 610 |
1 |
|
|a автоматизация
|
| 610 |
1 |
|
|a шахты
|
| 610 |
1 |
|
|a разрезы
|
| 610 |
1 |
|
|a карьеры
|
| 675 |
|
|
|a 622.012:658.5
|z rus
|v 3
|
| 702 |
|
1 |
|a Шемякин
|b Е. И.
|4 340
|
| 712 |
0 |
2 |
|a Академия наук СССР (АН СССР)
|b Сибирское отделение (СО)
|b Институт горного дела (ИГД)
|c (Новосибирск)
|2 stltpush
|3 (RuTPU)RU\TPU\col\11352
|
| 801 |
|
0 |
|a RU
|b RuMRKP
|c 19960705
|g psbo
|
| 801 |
|
1 |
|a RU
|b 63413507
|c 20141031
|
| 801 |
|
2 |
|a RU
|b 63413507
|c 20150722
|g RCR
|
| 942 |
|
|
|c BK
|